İstanbul deniz müzesi (Record no. 4040)

MARC details
000 -BAŞLIK
Sabit Uzunlukta Kontrol Alanı 00692na a2200229 4500
001 - KONTROL NUMARASI
Denetim Alanı 16715
003 - KONTROL NUMARASI IDENTIFIER
Denetim Alanı MIRAKIL
005 - SON İŞLEM TARİHİ VE ZAMANI
Denetim Alanı 20181213154951.0
008 - SABİT-BOY VERİ ELEMANLARI - GENEL BİLGİLER
Sabit Uzunlukta Kontrol Alanı 161013b tu 000 0
040 ## - KATALOGLAMA KAYNAK
Orijinal Kataloglama Ajansı Milas
Kataloglama Dili tur
Metne Dönüştürmek Ajansı TR-AnCHP
082 ## - DEWEY ONLU SINIFLANDIRMA NUMARASI
Sınıflandırma Numarası 069.5
Ürün Numarası İ77 2013
090 ## - SINIFLAMA NUMARASI
Sınıflama Numarası 069.5 İ77 2013
245 ## - BAŞLIK TABLOSU
Başlık İstanbul deniz müzesi
Sorumluluk Tablosu, Vb Yayına hazırlayan Ece Irmak
260 ## - YAYIN, DAĞITIM, VB
Yayın, Dağıtım, Vb Yeri İstanbul
Yayıncı, Dağıtıcı, Vs Adı Deniz Basımevi
Yayın, Dağıtım, Vb Tarihi 2013
300 ## - FİZİKSEL TANIM
Kapsam 296 s.
Diğer Fiziksel Ayrıntıları rnkl. fotg. ; rnkl. res ; hrt.
Boyutlar 34 sm.
500 ## - GENEL NOT
Genel Not Yapıt Osmanlı Türkçesi metinler içerir.
504 ## - KAYNAKÇA VB NOT
Kaynakça Vb Notu Kaynakça var.
650 ## - KONU KATMA GİRİŞ - TOPİKAL DÖNEM
Topikal Süreli Veya Coğrafi Ad Giriş Elemanı Müzeler
Coğrafi Alt Bölümü İstanbul
651 ## - KONU KATMA GİRİŞ - COĞRAFİ ADI
Coğrafi İsim İstanbul
Genel Alt Bölümü Deniz Müzesi
Kronolojik Alt Bölümü Kılavuzlar
700 ## - KATMA GİRİŞ - KİŞİSEL İSİM
Kişisel Ad Irmak, Ece
942 ## - EKLENDİ GİRİŞ ELEMANLARI (KOHA)
Sınıflandırma Veya Raf Düzeni Kaynak Dewey Decimal Classification
Koha Öğesi Türü Books
999 ## - SİSTEM KONTROL NUMARALARI (KOHA)
Koha Biblionumber 4040
Koha Biblioitemnumber 4040
Holdings
Kalıcı Konum Mevcut Konum Edinme Tarihi Edinim Kaynak Toplam Check-Out'Lar Tam Çağrı Numarası Barkod Tarih Son Görülme İtibaren Geçerli Fiyatlar Koha Öğesi Türü
CHP Kütüphanesi CHP Kütüphanesi 10/10/2016 Bağış   069.5 İ77 2013 006698 10/10/2016 10/10/2016 Books